书目信息 |
| 题名: |
夏威夷
|
|
| 作者: | 张志辉 翻译 | |
| 分册: | ||
| 出版信息: | 北京 中国水利水电出版社 2002.09 |
|
| 页数: | 103页 | |
| 开本: | 23cm | |
| 丛书名: | 袖珍异域伴游丛书 | |
| 单 册: | ||
| 中图分类: | K971.29 | |
| 科图分类: | ||
| 主题词: | 旅游指南--lu you zhi nan--美国--夏威夷 | |
| 电子资源: | ||
| ISBN: | 7-5084-0909-4 | |
| 000 | 00940nam 2200253 450 | |
| 001 | 012008514140 | |
| 005 | 20080315102555.54 | |
| 010 | @a7-5084-0909-4@dCNY28.00 | |
| 100 | @a20080315d2002 km y0chiy0120 ea | |
| 101 | 1 | @achi@ceng |
| 102 | @aCN@b110000 | |
| 105 | @aab z 000yy | |
| 106 | @ar | |
| 200 | 1 | @a夏威夷@Axia wei yi@f张志辉翻译@Fzhang zhi hui fan yi |
| 210 | @a北京@c中国水利水电出版社@d2002.09 | |
| 215 | @a103页@c彩图, 地图@d23cm@e地图1张 | |
| 225 | 2 | @a袖珍异域伴游丛书@Axiu zhen yi yu ban you cong shu |
| 330 | @a本书对夏威夷错综复杂的历史作了概要性记述,并介绍了17条旅行路线中四个主要岛屿上的著名景点,包括:瓦胡岛、大岛、考艾岛和毛伊岛,介绍了购物、餐饮和夜生活场所及实用信息等。 | |
| 410 | 0 | @12001 @a袖珍异域伴游丛书 |
| 606 | 0 | @a旅游指南@Alu you zhi nan@y美国@y夏威夷 |
| 690 | @aK971.29@v4 | |
| 701 | 0 | @a张志辉@Azhang zhi hui@4翻译 |
| 801 | 0 | @aCN@bQSSK@c20080315 |
| 905 | @b20284071-73@dK971.29@eZ252@f3 | |
| 夏威夷/张志辉翻译.-北京:中国水利水电出版社,2002.09 |
| 103页:彩图, 地图;23cm+地图1张.-(袖珍异域伴游丛书) |
| ISBN 7-5084-0909-4:CNY28.00 |
| 本书对夏威夷错综复杂的历史作了概要性记述,并介绍了17条旅行路线中四个主要岛屿上的著名景点,包括:瓦胡岛、大岛、考艾岛和毛伊岛,介绍了购物、餐饮和夜生活场所及实用信息等。 |
| ● |
| 相关链接 |
|
|
|
正题名:夏威夷
索取号:K971.29/Z252
 
预约/预借
| 序号 | 登录号 | 条形码 | 馆藏地/架位号 | 状态 | 备注 |
| 1 | 284071 | 202840710 | 社科库309/309社科库 30排1列5层/ [索取号:K971.29/Z252] | 在馆 | |
| 2 | 284072 | 202840729 | 社科库309/309社科库 30排1列5层/ [索取号:K971.29/Z252] | 在馆 | |
| 3 | 284073 | 202840738 | 社科库309/309社科库 30排1列5层/ [索取号:K971.29/Z252] | 在馆 |